300 Biggest US cities by GDP per capita - Statistics

General Stats
  • This quiz has been taken 333 times
  • The average score is 96 of 300
Answer Stats
Hint Answer % Correct
71,084 New York City
96%
67,763 Los Angeles
91%
89,978 San Francisco
89%
80,833 Seattle
88%
78,465 Boston
86%
64,824 Dallas
85%
63,817 Portland
85%
128,308 San Jose
85%
74,000 Washington, DC
85%
61,170 Chicago
84%
48,140 Miami
84%
63,311 Houston
82%
60,517 San Diego
80%
63,519 Philadelphia
79%
56,840 Atlanta
76%
63,839 Austin
76%
44,534 Phoenix
76%
64,379 Denver
75%
41,222 Tampa
75%
34,974 | 43,555 | 45,390 Jackson
74%
45,807 Orlando
74%
59,079 Baltimore
73%
58,064 Charlotte
73%
52,879 Detroit
71%
46,769 Sacramento
71%
38,087 | 43,741 Jacksonville
70%
43,584 Las Vegas
70%
58,470 Cleveland
69%
38,168 | 56,405 | 63,822 Columbus
68%
56,237 Pittsburgh
68%
47,794 San Antonio
68%
44,843 Buffalo
67%
62,809 Minneapolis
67%
60,806 Nashville
67%
48,935 Oklahoma City
66%
54,712 Cincinnati
65%
60,439 Indianapolis
65%
52,536 New Orleans
65%
49,694 St. Louis
65%
58,525 Honolulu
64%
53,745 Kansas City
64%
58,343 Milwaukee
63%
46,029 Memphis
62%
61,809 Salt Lake City
62%
52,499 Albany
61%
61,568 Anchorage
61%
54,398 Raleigh
61%
33,088 Tucson
61%
48,640 Birmingham
60%
36,255 Fresno
59%
65,477 Hartford
59%
60,246 Omaha
58%
50,775 Louisville
57%
46,498 | 51,974 Charleston
56%
44,253 Providence
56%
54,611 Richmond
56%
55,436 Tulsa
56%
39,905 Colorado Springs
55%
44,997 | 51,309 Rochester
55%
38,989 Spokane
55%
36,472 | 38,075 | 42,225 Springfield
55%
45,862 Wichita
55%
75,910 Des Moines
54%
47,426 Virginia Beach
54%
42,299 Albuquerque
53%
45,840 New Haven
53%
49,634 Reno
52%
66,639 Madison
51%
34,974 | 37,834 Salem
51%
53,965 Baton Rouge
50%
52,185 Lincoln
49%
46,376 Little Rock
49%
44,643 Syracuse
49%
46,880 Toledo
49%
34,843 Augusta
48%
40,388 Savannah
48%
42,933 | 44,669 Columbia
47%
36,156 Tallahassee
47%
46,036 Akron
46%
65,696 Durham
46%
40,592 Mobile
46%
37,614 Bakersfield
45%
50,871 Lexington
45%
40,596 Montgomery
45%
87,082 Bridgeport
44%
58,068 Fargo
44%
46,764 Greensboro
44%
41,248 Knoxville
44%
61,815 Sioux Falls
44%
45,525 Fort Wayne
43%
61,273 Manchester
43%
42,871 Wichita Falls
43%
40,529 Worcester
43%
44,058 Dayton
42%
36,405 Eugene
42%
49,791 Grand Rapids
42%
41,838 Santa Fe
42%
68,741 Trenton
41%
42,349 Wilmington
41%
37,977 Lubbock
40%
49,792 Huntsville
39%
39,483 Topeka
39%
46,195 Amarillo
38%
52,378 Bismark
38%
50,221 Billings
37%
42,090 Chattanooga
37%
49,018 Cheyenne
37%
41,272 Corpus Christi
37%
53,401 Green Bay
36%
41,479 Duluth
35%
35,253 Erie
35%
40,925 Lansing
35%
37,417 Scranton
35%
45,938 Allentown
33%
70,077 Boulder
33%
43,820 Fort Collins
33%
51,185 Santa Barbara
33%
55,887 Ann Arbor
32%
41,617 Atlantic City
32%
56,630 Burlington
32%
60,852 Cedar Rapids
32%
35,913 Provo
32%
35,425 Dover
31%
38,772 | 47,148 Fayetteville
30%
37,990 Asheville
29%
47,506 Fairbanks
29%
39,233 | 40,800 Lafayette
29%
36,944 Macon
29%
33,306 Alexandria
28%
55,158 Carson City
28%
45,622 Davenport
28%
174,749 | 64,831 Midland
28%
37,966 Olympia
28%
35,636 Flagstaff
27%
38,482 | 40,770 Greenville
27%
40,930 Missoula
27%
57,678 Odessa
27%
39,123 Rockford
27%
46,982 Bend
26%
46,362 Lancaster
26%
33,554 Ogden
26%
39,718 Rapid City
26%
38,007 South Bend
26%
40,533 Athens
25%
52,094 Iowa City
24%
34,565 Bangor
23%
41,982 Jefferson City
23%
50,138 Sioux City
23%
32,784 Cape Coral
22%
48,551 Evansville
22%
42,222 Roanoke
22%
49,552 Santa Rosa
22%
68,212 Casper
21%
50,806 Oxnard
21%
34,770 College Station
20%
38,142 Gulfport
20%
37,111 Huntington
20%
34,727 Killeen
20%
33,603 Redding
20%
42,004 Tuscaloosa
19%
39,648 Abilene
18%
43,908 Champaign
18%
44,698 Eau Claire
18%
48,101 Grand Forks
18%
39,188 Reading
18%
47,349 Salinas
18%
41,613 Santa Cruz
18%
37,887 York
18%
48,838 Beaumont
17%
37,866 | 58,034 Bloomington
17%
49,233 Charlottesville
17%
41,897 Ithaca
17%
43,240 Kalamazoo
17%
64,085 Tyler
17%
33,654 Yakima
17%
48,332 Appleton
16%
54,658 Dubuque
16%
65,030 Lake Charles
16%
37,260 Canton
15%
37,061 Great Falls
15%
36,065 Greely
15%
41,845 Idaho Falls
15%
34,081 Medford
15%
50,473 Wheeling
15%
41,895 Bellingham
14%
38,867 Monroe
14%
37,083 Saginaw
14%
35,939 Bowling Green
13%
33,728 Manhatten
13%
33,068 Palm Bay
13%
45,750 Ames
12%
35,192 Binghamton
12%
47,540 La Crosse
12%
69,159 Napa
12%
54,250 Oshkosh
12%
34,635 Racine
12%
49,742 State College
12%
44,624 St. Cloud
12%
32,778 Lawrence
11%
49,763 Morgantown
11%
41,859 Naples
11%
41,250 Spartanburg
11%
37,992 Altoona
10%
33,521 Blacksburg
10%
40,972 Kennewick
10%
36,415 Panama City
10%
39,107 San Angelo
10%
45,907 San Luis
10%
37,597 St. Joseph
10%
50,672 Waterloo
10%
48,101 Corvallis
9%
34,442 Jonesboro
9%
36,337 Joplin
9%
45,497 Lima
9%
42,012 Longview
9%
35,178 Long View
9%
40,965 Owensboro
9%
50,957 Sheboygan
9%
33,737 Twin Falls
9%
38,392 Walla Walla
9%
52,448 Wausau
9%
46,085 Barnstable
8%
36,110 Florence
8%
45,272 Grand Island
8%
56,812 Harrisburgh
8%
36,646 Hilton
8%
42,058 Parkersburg
8%
35,099 Rome
8%
33,099 Terre Haute
8%
40,000 Vallejo
8%
38,601 Cape Girardeau
7%
50,235 Decatur
7%
32,889 Hagerstown
7%
45,609 Victoria
7%
39,920 Battle Creek
6%
34,050 Elmira
6%
48,493 Enid
6%
48,331 Farmington
6%
42,788 Fond Du Lac
6%
34,070 Hickory
6%
37,867 Houma
6%
33,640 | 34,102 Lewiston
6%
50,710 Norwich
6%
42,101 Salisbury
6%
45,293 Watertown
6%
37,037 Bremerton
5%
74,133 Elkhart
5%
51,880 Harrisonburg
5%
46,697 Mankato
5%
47,897 Ocean City
5%
42,302 Winchester
5%
33,383 Beckley
4%
49,788 Kokomo
4%
41,741 Mount Vernon
4%
47,689 Pittsfield
4%
36,494 Carbondale
3%
36,189 Elizabethtown
3%
35,035 Kankakee
3%
34,444 New Bern
3%
36,464 Staunton
3%
38,526 Williamsport
3%
40,642 Dalton
2%
47,721 Kahului
2%
32,940 Kingsport
2%
33,572 North Port
2%
33,818 Rocky Mount
2%
38,514 Wenatchee
2%
39,031 | 41,403 Gainsville
1%
35,173 Glens Falls
1%
37,233 Hinesville
1%
38,584 Niles
1%
42,347 Bloomsburg
0%
41,453 Boise City
0%
33,760 Clarkesville
0%
46,159 Crestview
0%
35,831 Haittiesburg
0%
35,344 Jainesville
0%
35,310 Lawtonn
0%
49,568 Lexington Park
0%
43,939 Preoria
0%
45,807 Shreverport
0%
39,731 Wako
0%
No matching quizzes found
Score Distribution
Percent of People with Each Score
Percentile by Number Answered
Your Score History
You have not taken this quiz